Instituto de la vivienda Urbana y Rural
Presenta un informe de prácticas profesionales y de las actividades y trabajos utilizados en los trabajos requeridos por la Gerencia de Urbanismo del Instituto de la Vivienda Urbana y Rural y, se expone la importancia de los programas de comunicación arquitectónica visual, así como proyectos de...
| Main Author: | |
|---|---|
| Other Authors: | |
| Format: | Tesis Section = Libro |
| Language: | Undetermined Spanish |
| Published: |
Managua
UNI
2018
|
| Subjects: |
| LEADER | 01195nam a2200277Ia 4500 | ||
|---|---|---|---|
| 008 | 240830s9999 xx 000 0 und d | ||
| 040 | |a BIBLIOTECA-RUSB/ Mon 711.5 G216 | ||
| 041 | |a spa | ||
| 082 | |a Mon 711.5 G216 | ||
| 100 | 1 | |a García Chavarría, Sandy Luis | |
| 245 | 1 | 0 | |a Instituto de la vivienda Urbana y Rural |
| 260 | |a Managua |b UNI |c 2018 | ||
| 300 | |a 122 p. :il. | ||
| 500 | |a Contiene: Informe de Prácticas Profesionales Supervisadas e incluye CD. | ||
| 502 | |a Tesis (Arquitecto) - UNI, 2018. | ||
| 520 | 3 | |a Presenta un informe de prácticas profesionales y de las actividades y trabajos utilizados en los trabajos requeridos por la Gerencia de Urbanismo del Instituto de la Vivienda Urbana y Rural y, se expone la importancia de los programas de comunicación arquitectónica visual, así como proyectos de mejoramiento integral de barrios. | |
| 650 | 7 | |a PLANIFICACION URBANA | |
| 650 | 7 | |b ARQUITECTURA URBANA | |
| 650 | 7 | |c VIVIENDAS URBANAS Y RURAL | |
| 650 | 7 | |d CONSTRUCCION-DISEÑO | |
| 650 | 7 | |e ESTRUCTURAS ARQUITECTONICAS | |
| 650 | 7 | |f PRACTICAS PROFESIONALES | |
| 700 | 1 | |a Tutor: |b Támez Grenda, Gundel | |
| 942 | |c BK |2 ddc | ||
| 991 | |a TESIS | ||
| 999 | |c 21003 | ||